[Event "V4Liptov2018"]
[Site "?"]
[Date "2018.06.27"]
[Round "8.1"]
[White "Kulesza, Andrzej"]
[Black "Szczurek, Krzysztof"]
[Result "0-1"]
[BlackElo "2075"]
[WhiteElo "1934"]
[LiveChessVersion "1.4.8"]

1. d4 {[%clk 1:00:53]} Nf6 {[%clk 1:00:30]} 2. Nf3 {[%clk 1:00:52]} g6
{[%clk 1:00:12]} 3. Bf4 {[%clk 1:00:49]} Bg7 {[%clk 0:59:57]} 4. e3
{[%clk 1:00:13]} O-O {[%clk 0:59:26]} 5. Be2 {[%clk 0:59:37]} d6 {[%clk 0:58:59]}
6. h3 {[%clk 0:58:39]} Nbd7 {[%clk 0:59:05]} 7. O-O {[%clk 0:57:42]} c5
{[%clk 0:56:17]} 8. c3 {[%clk 0:55:48]} b6 {[%clk 0:54:08]} 9. Nbd2
{[%clk 0:52:16]} Bb7 {[%clk 0:53:16]} 10. a4 {[%clk 0:47:39]} a6 {[%clk 0:51:18]}
11. Qb3 {[%clk 0:45:57]} h6 {[%clk 0:46:46]} 12. Bh2 {[%clk 0:42:54]} Re8
{[%clk 0:34:37]} 13. Rfd1 {[%clk 0:33:51]} Qc7 {[%clk 0:24:27]} 14. Bc4
{[%clk 0:25:11]} e6 {[%clk 0:23:10]} 15. Be2 {[%clk 0:23:59]} Bf8
{[%clk 0:18:22]} 16. Qc2 {[%clk 0:20:04]} Rac8 {[%clk 0:17:09]} 17. Bd3
{[%clk 0:16:23]} Red8 {[%clk 0:13:14]} 18. Rac1 {[%clk 0:13:30]} Re8
{[%clk 0:07:58]} 19. Be2 {[%clk 0:12:26]} Rcd8 {[%clk 0:06:13]} 20. Qb3
{[%clk 0:10:50]} Rb8 {[%clk 0:05:53]} 21. Qc2 {[%clk 0:10:24]} Red8
{[%clk 0:04:29]} 22. Bd3 {[%clk 0:09:06]} b5 {[%clk 0:02:49]} 23. axb5
{[%clk 0:08:46]} axb5 {[%clk 0:03:15]} 24. dxc5 {[%clk 0:07:56]} Nxc5
{[%clk 0:03:24]} 25. Nd4 {[%clk 0:07:29]} Nxd3 {[%clk 0:02:46]} 26. Qxd3
{[%clk 0:07:52]} e5 {[%clk 0:01:29]} 27. N4b3 {[%clk 0:05:10]} Bc6
{[%clk 0:01:06]} 28. e4 {[%clk 0:03:45]} d5 {[%clk 0:00:51]} 29. exd5
{[%clk 0:03:47]} Bxd5 {[%clk 0:00:41]} 30. Qe3 {[%clk 0:03:49]} Re8
{[%clk 0:01:07]} 31. Ra1 {[%clk 0:03:41]} Rbd8 {[%clk 0:01:00]} 32. Re1
{[%clk 0:03:09]} Qc6 {[%clk 0:00:37]} 33. Na5 {[%clk 0:02:52]} Qd7
{[%clk 0:00:50]} 34. Nab3 {[%clk 0:02:50]} Qe6 {[%clk 0:01:09]} 35. Qxe5
{[%clk 0:01:59]} Qc6 {[%clk 0:00:54]} 36. Qg3 {[%clk 0:02:09]} Rxe1+
{[%clk 0:00:51]} 37. Rxe1 {[%clk 0:02:33]} Bd6 {[%clk 0:01:12]} 38. Qh4
{[%clk 0:02:40]} g5 {[%clk 0:01:20]} 39. Qxh6 {[%clk 0:02:35]} Bxh2+
{[%clk 0:01:45]} 40. Kf1 {[%clk 0:02:23]} Bc4+ {[%clk 0:02:05]} 41. Re2
{[%clk 0:02:34]} Bxe2+ {[%clk 0:02:22]} 42. Kxe2 {[%clk 0:02:48]} Qe6+
{[%clk 0:02:35]} 43. Kf1 {[%clk 0:02:56]} Ne4 {[%clk 0:02:24]} 44. Qh5
{[%clk 0:02:21]} Rxd2 {[%clk 0:02:41]} 45. Nxd2 {[%clk 0:01:54]} Nxd2# 0-1

[Event "V4Liptov2018"]
[Site "?"]
[Date "2018.06.27"]
[Round "8.2"]
[White "Dylag, Emilia"]
[Black "Paprocki, Stanislaw"]
[Result "1-0"]
[BlackElo "1864"]
[WhiteElo "1935"]
[LiveChessVersion "1.4.8"]

1. d4 {[%clk 1:00:57]} d6 {[%clk 1:00:41]} 2. c4 {[%clk 1:01:11]} e5
{[%clk 1:00:31]} 3. d5 {[%clk 1:01:30]} Be7 {[%clk 1:00:24]} 4. e4
{[%clk 1:00:57]} a5 {[%clk 1:00:18]} 5. Nc3 {[%clk 1:00:48]} f5 {[%clk 0:59:29]}
6. Bd3 {[%clk 0:57:19]} f4 {[%clk 0:57:07]} 7. Be2 {[%clk 0:46:45]} Nf6
{[%clk 0:56:48]} 8. g3 {[%clk 0:44:49]} fxg3 {[%clk 0:56:26]} 9. hxg3
{[%clk 0:45:08]} O-O {[%clk 0:55:25]} 10. Be3 {[%clk 0:40:54]} Na6
{[%clk 0:54:14]} 11. f3 {[%clk 0:39:32]} b6 {[%clk 0:53:49]} 12. Qd2
{[%clk 0:38:33]} Nc5 {[%clk 0:53:14]} 13. g4 {[%clk 0:37:16]} Qe8
{[%clk 0:53:05]} 14. Nb5 {[%clk 0:32:00]} Bd8 {[%clk 0:51:10]} 15. O-O-O
{[%clk 0:28:35]} Bd7 {[%clk 0:50:25]} 16. Nh3 {[%clk 0:27:28]} Bxb5
{[%clk 0:47:12]} 17. cxb5 {[%clk 0:27:50]} a4 {[%clk 0:47:07]} 18. Kb1
{[%clk 0:26:19]} Qg6 {[%clk 0:46:13]} 19. Nf2 {[%clk 0:24:37]} Ra5
{[%clk 0:45:08]} 20. Rh3 {[%clk 0:21:43]} Qf7 {[%clk 0:39:26]} 21. Rdh1
{[%clk 0:20:52]} g6 {[%clk 0:39:16]} 22. g5 {[%clk 0:17:45]} Nh5 {[%clk 0:39:35]}
23. Ng4 {[%clk 0:17:59]} Kh8 {[%clk 0:37:49]} 24. Bxc5 {[%clk 0:12:15]} dxc5
{[%clk 0:37:41]} 25. Nxe5 {[%clk 0:12:15]} Qg7 {[%clk 0:37:03]} 26. Nc6
{[%clk 0:11:38]} Ra8 {[%clk 0:37:30]} 27. a3 {[%clk 0:06:04]} Nf4
{[%clk 0:36:00]} 28. Rxh7+ {[%clk 0:05:40]} Qxh7 {[%clk 0:36:29]} 29. Rxh7+
{[%clk 0:06:01]} Kxh7 {[%clk 0:36:54]} 30. Bd1 {[%clk 0:05:48]} Bxg5
{[%clk 0:36:56]} 31. Qh2+ {[%clk 0:05:48]} Kg7 {[%clk 0:37:25]} 32. Qg3
{[%clk 0:05:46]} Bh6 {[%clk 0:36:44]} 33. Qg4 {[%clk 0:05:28]} Rf7
{[%clk 0:36:28]} 34. Bc2 {[%clk 0:05:03]} g5 {[%clk 0:35:22]} 35. Ne5
{[%clk 0:02:52]} Re7 {[%clk 0:35:16]} 36. Nc6 {[%clk 0:03:11]} Rf7
{[%clk 0:35:45]} 37. e5 {[%clk 0:02:53]} Re8 {[%clk 0:35:32]} 38. Be4
{[%clk 0:01:58]} Ng6 {[%clk 0:34:32]} 39. e6 {[%clk 0:01:48]} Rf6
{[%clk 0:32:43]} 40. Qh5 {[%clk 0:02:08]} Rg8 {[%clk 0:31:51]} 41. Bxg6
{[%clk 0:02:08]} 1-0

[Event "V4Liptov2018"]
[Site "?"]
[Date "2018.06.27"]
[Round "8.3"]
[White "Paprocki, Antoni"]
[Black "Wasik, Mateusz"]
[Result "1/2-1/2"]
[BlackElo "1652"]
[WhiteElo "1804"]
[LiveChessVersion "1.4.8"]

1. e4 {[%clk 1:00:58]} c5 {[%clk 1:00:56]} 2. Nc3 {[%clk 1:01:20]} Nc6
{[%clk 0:59:50]} 3. Nge2 {[%clk 1:01:36]} Nf6 {[%clk 0:59:55]} 4. d4
{[%clk 1:01:52]} cxd4 {[%clk 0:59:40]} 5. Nxd4 {[%clk 1:02:07]} d6
{[%clk 0:59:13]} 6. Be2 {[%clk 0:57:49]} e6 {[%clk 0:58:52]} 7. Be3
{[%clk 0:57:56]} a6 {[%clk 0:58:17]} 8. O-O {[%clk 0:57:44]} Be7 {[%clk 0:58:30]}
9. f4 {[%clk 0:58:03]} Qc7 {[%clk 0:58:47]} 10. a4 {[%clk 0:57:17]} O-O
{[%clk 0:58:18]} 11. Bf3 {[%clk 0:56:11]} Rd8 {[%clk 0:55:10]} 12. Kh1
{[%clk 0:50:20]} Nb4 {[%clk 0:40:49]} 13. g4 {[%clk 0:41:06]} b6 {[%clk 0:23:59]}
14. g5 {[%clk 0:36:35]} Nd7 {[%clk 0:20:30]} 15. f5 {[%clk 0:34:54]} Ne5
{[%clk 0:18:41]} 16. fxe6 {[%clk 0:31:06]} Bxe6 {[%clk 0:18:43]} 17. Nxe6
{[%clk 0:31:03]} fxe6 {[%clk 0:19:08]} 18. Bg4 {[%clk 0:29:01]} Nxg4
{[%clk 0:16:48]} 19. Qxg4 {[%clk 0:29:20]} Qd7 {[%clk 0:12:56]} 20. Bxb6
{[%clk 0:29:17]} Rf8 {[%clk 0:11:16]} 21. Qg2 {[%clk 0:20:36]} Rac8
{[%clk 0:09:58]} 22. Bd4 {[%clk 0:19:46]} Nc6 {[%clk 0:08:07]} 23. Be3
{[%clk 0:19:14]} Ne5 {[%clk 0:06:40]} 24. Bf4 {[%clk 0:15:01]} Ng6
{[%clk 0:06:14]} 25. Bd2 {[%clk 0:14:04]} Ne5 {[%clk 0:05:34]} 26. Rae1
{[%clk 0:13:04]} Qb7 {[%clk 0:03:14]} 27. Qh3 {[%clk 0:11:06]} Qd7
{[%clk 0:02:33]} 28. Bc1 {[%clk 0:08:49]} Rce8 {[%clk 0:00:47]} 29. Rd1
{[%clk 0:07:30]} Rxf1+ {[%clk 0:00:38]} 30. Rxf1 {[%clk 0:06:46]} Bd8
{[%clk 0:00:42]} 31. Rd1 {[%clk 0:06:21]} Bc7 {[%clk 0:00:35]} 32. Qg3
{[%clk 0:05:05]} Qe7 {[%clk 0:00:38]} 33. Bf4 {[%clk 0:05:14]} Nf7
{[%clk 0:00:35]} 34. h4 {[%clk 0:04:57]} Rd8 {[%clk 0:00:39]} 35. h5
{[%clk 0:05:20]} Ne5 {[%clk 0:00:40]} 36. Na2 {[%clk 0:03:12]} Rb8
{[%clk 0:00:46]} 37. b3 {[%clk 0:03:21]} Rc8 {[%clk 0:00:39]} 38. Nb4
{[%clk 0:02:39]} a5 39. Bxe5 {[%clk 0:02:20]} dxe5 {[%clk 0:01:10]} 40. Nd3
{[%clk 0:02:25]} Rd8 {[%clk 0:01:26]} 41. Rf1 {[%clk 0:02:09]} Qd6
{[%clk 0:01:08]} 42. g6 {[%clk 0:02:14]} h6 {[%clk 0:00:33]} 43. Rf7
{[%clk 0:02:01]} Qc6 {[%clk 0:00:44]} 44. Qf3 {[%clk 0:02:01]} Qe8
{[%clk 0:00:31]} 45. Nf2 {[%clk 0:02:01]} Bd6 {[%clk 0:00:38]} 46. Ng4
{[%clk 0:02:17]} Rd7 {[%clk 0:00:38]} 47. Rxd7 {[%clk 0:01:34]} Qxd7
{[%clk 0:01:05]} 48. Qd3 {[%clk 0:01:32]} Qe7 {[%clk 0:01:21]} 49. Qg3
{[%clk 0:01:04]} Qg5 {[%clk 0:01:35]} 50. Qh3 {[%clk 0:00:35]} 1/2-1/2

[Event "V4Liptov2018"]
[Site "?"]
[Date "2018.06.27"]
[Round "8.4"]
[White "Jozefczyk, Szymon"]
[Black "Pudelko, Magdalena"]
[Result "1/2-1/2"]
[BlackElo "1251"]
[WhiteElo "1643"]
[LiveChessVersion "1.4.8"]

1. e4 {[%clk 1:00:46]} c5 {[%clk 1:00:55]} 2. Nf3 {[%clk 1:00:54]} d6
{[%clk 1:01:12]} 3. d4 {[%clk 1:00:56]} cxd4 {[%clk 1:01:36]} 4. Nxd4
{[%clk 1:00:48]} Nf6 {[%clk 1:01:56]} 5. Nc3 {[%clk 1:00:39]} a6 {[%clk 1:02:08]}
6. f3 {[%clk 1:00:21]} e5 {[%clk 1:02:18]} 7. Nb3 {[%clk 1:00:12]} Be6
{[%clk 1:02:30]} 8. Be3 {[%clk 0:59:55]} Be7 {[%clk 1:02:50]} 9. Qd2
{[%clk 0:57:56]} O-O {[%clk 1:03:10]} 10. O-O-O {[%clk 0:56:31]} a5
{[%clk 1:03:30]} 11. Kb1 {[%clk 0:54:56]} a4 {[%clk 1:03:37]} 12. Nc1
{[%clk 0:53:28]} Nbd7 {[%clk 1:02:04]} 13. g4 {[%clk 0:51:22]} Nb6
{[%clk 1:01:46]} 14. h4 {[%clk 0:49:28]} Nc4 {[%clk 1:01:02]} 15. Bxc4
{[%clk 0:48:50]} Bxc4 {[%clk 1:01:23]} 16. h5 {[%clk 0:47:09]} b5
{[%clk 1:00:24]} 17. Nd3 {[%clk 0:36:22]} Qa5 {[%clk 0:58:07]} 18. a3
{[%clk 0:34:19]} Bxd3 {[%clk 0:58:00]} 19. Qxd3 {[%clk 0:32:53]} b4
{[%clk 0:58:12]} 20. axb4 {[%clk 0:33:15]} Qxb4 21. g5 Ne8 {[%clk 0:51:45]} 22.
Nd5 {[%clk 0:32:27]} Qb7 {[%clk 0:51:55]} 23. Nxe7+ {[%clk 0:32:21]} Qxe7
{[%clk 0:52:21]} 24. Qd5 Rb8 {[%clk 0:51:39]} 25. g6 {[%clk 0:29:51]} Qf6
{[%clk 0:49:35]} 26. gxh7+ {[%clk 0:28:07]} Kxh7 {[%clk 0:49:27]} 27. h6
{[%clk 0:26:28]} g6 {[%clk 0:49:17]} 28. Rhf1 {[%clk 0:25:33]} Qe7
{[%clk 0:49:22]} 29. Qc6 {[%clk 0:22:20]} a3 {[%clk 0:47:04]} 30. b3
{[%clk 0:22:06]} Qd8 {[%clk 0:47:03]} 31. Qd5 {[%clk 0:19:01]} Qc7
{[%clk 0:45:41]} 32. Qd3 {[%clk 0:16:51]} Rc8 {[%clk 0:37:02]} 33. Rf2
{[%clk 0:15:11]} Qa5 {[%clk 0:34:18]} 34. Ka2 {[%clk 0:11:30]} Rc6
{[%clk 0:22:57]} 35. f4 {[%clk 0:07:48]} exf4 {[%clk 0:18:13]} 36. Bxf4
{[%clk 0:04:55]} Qb6 {[%clk 0:16:51]} 37. Be3 Qa5 {[%clk 0:14:14]} 38. Rdf1
{[%clk 0:04:04]} Rc7 {[%clk 0:13:01]} 39. Bc1 {[%clk 0:02:07]} Ra7
{[%clk 0:11:27]} 40. Qc4 {[%clk 0:01:52]} Qc7 {[%clk 0:10:46]} 41. Qxc7
{[%clk 0:02:06]} Rxc7 {[%clk 0:11:07]} 42. Bxa3 {[%clk 0:01:49]} Kxh6
{[%clk 0:10:14]} 43. Bb2 {[%clk 0:02:17]} Ng7 {[%clk 0:10:13]} 44. Rd2
{[%clk 0:01:59]} Rd7 {[%clk 0:06:13]} 45. Rfd1 {[%clk 0:02:14]} Re8
{[%clk 0:05:42]} 46. e5 {[%clk 0:01:58]} Ra7+ {[%clk 0:05:31]} 47. Kb1
{[%clk 0:01:46]} dxe5 {[%clk 0:05:53]} 48. Rd8 {[%clk 0:01:40]} Rxd8
{[%clk 0:05:16]} 49. Rxd8 {[%clk 0:02:07]} Re7 {[%clk 0:05:22]} 50. Ba3
{[%clk 0:01:57]} Ra7 {[%clk 0:05:01]} 1/2-1/2

[Event "V4Liptov2018"]
[Site "?"]
[Date "2018.06.27"]
[Round "8.5"]
[White "Kuchar, Matej"]
[Black "Sosovicka, Jakub"]
[Result "1-0"]
[BlackElo "2078"]
[WhiteElo "2174"]
[LiveChessVersion "1.4.8"]

1. e4 {[%clk 1:00:59]} c5 {[%clk 1:00:52]} 2. Nf3 {[%clk 1:01:24]} d6
{[%clk 1:01:15]} 3. d4 {[%clk 1:01:51]} cxd4 {[%clk 1:01:40]} 4. Nxd4
{[%clk 1:02:17]} Nf6 {[%clk 1:02:02]} 5. Nc3 {[%clk 1:02:43]} Nc6
{[%clk 1:02:20]} 6. Bg5 {[%clk 0:58:45]} e6 {[%clk 1:02:16]} 7. Qd2
{[%clk 0:59:03]} a6 {[%clk 1:01:43]} 8. f3 {[%clk 0:59:09]} Bd7 {[%clk 0:59:00]}
9. O-O-O {[%clk 0:59:30]} Be7 {[%clk 0:56:54]} 10. h4 {[%clk 0:59:34]} Rc8
{[%clk 0:50:25]} 11. Kb1 {[%clk 0:59:52]} b5 {[%clk 0:49:49]} 12. Nxc6
{[%clk 1:00:10]} Bxc6 {[%clk 0:49:47]} 13. g4 {[%clk 1:00:31]} Qa5
{[%clk 0:42:48]} 14. Bd3 {[%clk 0:47:21]} O-O {[%clk 0:33:30]} 15. Nd5
{[%clk 0:46:14]} Qd8 {[%clk 0:31:03]} 16. Nxe7+ {[%clk 0:45:12]} Qxe7
{[%clk 0:31:28]} 17. h5 {[%clk 0:43:27]} e5 {[%clk 0:25:11]} 18. h6
{[%clk 0:43:29]} g6 {[%clk 0:24:47]} 19. Qe1 {[%clk 0:43:47]} Qe6
{[%clk 0:24:16]} 20. f4 {[%clk 0:23:11]} exf4 {[%clk 0:19:58]} 21. Qc3
{[%clk 0:23:10]} Bxe4 {[%clk 0:16:51]} 22. Qxf6 {[%clk 0:23:29]} Qxf6
{[%clk 0:17:17]} 23. Bxf6 {[%clk 0:23:55]} Bxh1 {[%clk 0:17:34]} 24. Rxh1
{[%clk 0:24:22]} Rfe8 {[%clk 0:17:25]} 25. Bd4 {[%clk 0:16:17]} d5
{[%clk 0:14:43]} 26. g5 {[%clk 0:13:49]} Rc6 {[%clk 0:13:58]} 27. Kc1
{[%clk 0:13:54]} Rce6 {[%clk 0:12:18]} 28. Kd2 {[%clk 0:14:07]} Kf8
{[%clk 0:08:01]} 29. Rf1 {[%clk 0:14:25]} Rc8 {[%clk 0:07:37]} 30. Rxf4
{[%clk 0:14:21]} Ke7 {[%clk 0:08:00]} 31. a4 {[%clk 0:13:51]} bxa4
{[%clk 0:05:48]} 32. Bf6+ {[%clk 0:14:14]} Kd7 {[%clk 0:05:54]} 33. Rxa4
{[%clk 0:14:39]} Rcc6 {[%clk 0:05:39]} 34. Bd4 {[%clk 0:10:38]} Kc7
{[%clk 0:04:11]} 35. Ra5 {[%clk 0:10:15]} Rcd6 {[%clk 0:03:49]} 36. b4
{[%clk 0:09:48]} Kb7 {[%clk 0:03:12]} 37. b5 {[%clk 0:10:05]} axb5
{[%clk 0:03:23]} 38. Ra7+ {[%clk 0:10:31]} Kc8 {[%clk 0:03:00]} 39. Rxf7
{[%clk 0:10:40]} Rd7 {[%clk 0:03:19]} 40. Rg7 {[%clk 0:10:16]} b4
{[%clk 0:01:46]} 41. Bf6 {[%clk 0:10:11]} Kc7 {[%clk 0:01:48]} 42. Rxd7+
{[%clk 0:10:09]} Kxd7 {[%clk 0:02:10]} 43. Bxg6 {[%clk 0:10:33]} 1-0

[Event "V4Liptov2018"]
[Site "?"]
[Date "2018.06.27"]
[Round "8.6"]
[White "Krupa, Miroslav"]
[Black "Vantuch, Lucian"]
[Result "1/2-1/2"]
[BlackElo "1956"]
[WhiteElo "2037"]
[LiveChessVersion "1.4.8"]

1. e4 {[%clk 1:00:57]} c5 {[%clk 1:00:52]} 2. Nf3 {[%clk 1:01:25]} e6
{[%clk 1:01:16]} 3. d4 {[%clk 1:01:51]} cxd4 {[%clk 1:01:41]} 4. Nxd4
{[%clk 1:02:16]} a6 {[%clk 1:02:06]} 5. Nc3 {[%clk 1:02:19]} Qc7 {[%clk 1:02:25]}
6. Be3 {[%clk 1:01:27]} Bb4 {[%clk 1:02:48]} 7. Qd3 {[%clk 1:00:54]} Nf6
{[%clk 0:57:59]} 8. f3 {[%clk 1:00:50]} d5 {[%clk 0:53:00]} 9. Bd2
{[%clk 0:58:55]} e5 {[%clk 0:40:16]} 10. Nb3 {[%clk 0:57:55]} d4 {[%clk 0:39:57]}
11. Ne2 {[%clk 0:56:35]} Bxd2+ {[%clk 0:33:13]} 12. Qxd2 {[%clk 0:56:06]} O-O
{[%clk 0:33:34]} 13. Ng3 {[%clk 0:56:02]} Rd8 {[%clk 0:33:13]} 14. Bd3
{[%clk 0:56:19]} a5 {[%clk 0:32:01]} 15. a3 {[%clk 0:52:48]} a4 {[%clk 0:31:24]}
16. Nc1 {[%clk 0:53:14]} Na6 {[%clk 0:31:36]} 17. O-O {[%clk 0:52:47]} Be6
{[%clk 0:31:15]} 18. Na2 {[%clk 0:41:45]} Rac8 {[%clk 0:27:48]} 19. Rfc1
{[%clk 0:35:54]} Rd6 {[%clk 0:24:58]} 20. Nb4 {[%clk 0:32:35]} h6
{[%clk 0:18:03]} 21. Ne2 {[%clk 0:31:24]} Bc4 {[%clk 0:17:28]} 22. Bxc4
{[%clk 0:29:12]} Qxc4 {[%clk 0:17:50]} 23. Nd3 {[%clk 0:29:35]} Qb5
{[%clk 0:18:00]} 24. Rab1 {[%clk 0:24:58]} Nc5 {[%clk 0:14:26]} 25. Nb4
{[%clk 0:24:13]} Qb6 {[%clk 0:10:58]} 26. Kh1 {[%clk 0:24:08]} Rd7
{[%clk 0:07:10]} 27. Rd1 {[%clk 0:23:54]} Rdc7 {[%clk 0:07:11]} 28. Nc1
{[%clk 0:24:04]} Na6 {[%clk 0:06:12]} 29. Ncd3 {[%clk 0:23:37]} Nxb4
{[%clk 0:06:17]} 30. Nxb4 {[%clk 0:24:00]} Rc4 {[%clk 0:05:49]} 31. Qd3
{[%clk 0:22:27]} Nd7 {[%clk 0:05:37]} 1/2-1/2

[Event "V4Liptov2018"]
[Site "?"]
[Date "2018.06.27"]
[Round "8.7"]
[White "Frank, Adam"]
[Black "Ocko, Dominik"]
[Result "1-0"]
[BlackElo "1971"]
[WhiteElo "1993"]
[LiveChessVersion "1.4.8"]

1. e4 {[%clk 1:01:26]} c5 {[%clk 1:01:20]} 2. Nf3 {[%clk 1:01:53]} Nc6
{[%clk 1:01:45]} 3. d4 {[%clk 1:02:20]} cxd4 {[%clk 1:02:09]} 4. Nxd4
{[%clk 1:02:47]} Nf6 {[%clk 1:02:31]} 5. Nc3 {[%clk 1:03:13]} d6 {[%clk 1:02:26]}
6. Bg5 {[%clk 1:01:04]} e6 {[%clk 1:02:46]} 7. Qd2 {[%clk 1:01:14]} a6
{[%clk 1:02:55]} 8. O-O-O {[%clk 1:01:18]} Bd7 {[%clk 1:03:12]} 9. f3
{[%clk 1:01:11]} Be7 {[%clk 1:03:26]} 10. h4 {[%clk 1:00:32]} Rc8
{[%clk 1:03:25]} 11. Kb1 {[%clk 0:59:35]} b5 {[%clk 1:03:20]} 12. Nxc6
{[%clk 0:58:57]} Bxc6 {[%clk 1:03:23]} 13. g4 {[%clk 0:58:31]} h6
{[%clk 0:59:35]} 14. Be3 {[%clk 0:58:17]} b4 {[%clk 0:47:43]} 15. Ne2
{[%clk 0:55:13]} d5 {[%clk 0:41:46]} 16. Nd4 {[%clk 0:52:02]} Bb7
{[%clk 0:40:40]} 17. e5 {[%clk 0:50:28]} Nd7 {[%clk 0:40:54]} 18. f4
{[%clk 0:49:16]} Bc5 {[%clk 0:34:38]} 19. f5 {[%clk 0:46:15]} Qb6
{[%clk 0:33:24]} 20. fxe6 {[%clk 0:44:14]} fxe6 {[%clk 0:33:46]} 21. g5
{[%clk 0:43:08]} hxg5 {[%clk 0:31:26]} 22. Qg2 {[%clk 0:38:13]} Kd8
{[%clk 0:26:43]} 23. Qxg5+ {[%clk 0:34:55]} Kc7 {[%clk 0:27:07]} 24. Bh3
{[%clk 0:34:51]} Bxd4 {[%clk 0:26:35]} 25. Bxd4 {[%clk 0:35:06]} Qc6
{[%clk 0:26:52]} 26. Qe7 {[%clk 0:33:30]} Rhe8 {[%clk 0:24:54]} 27. Qxb4
{[%clk 0:33:22]} Kb8 {[%clk 0:25:07]} 28. c3 {[%clk 0:32:12]} Nc5
{[%clk 0:23:50]} 29. Rhg1 {[%clk 0:31:17]} Qb5 {[%clk 0:17:49]} 30. Qxb5
{[%clk 0:30:20]} axb5 {[%clk 0:18:10]} 31. Rxg7 {[%clk 0:30:48]} Ne4
{[%clk 0:18:06]} 32. h5 {[%clk 0:29:23]} Rc7 {[%clk 0:17:42]} 33. h6
{[%clk 0:25:59]} Rxg7 {[%clk 0:17:08]} 34. hxg7 {[%clk 0:26:25]} Rg8
{[%clk 0:17:13]} 35. Rg1 {[%clk 0:26:15]} Bc8 {[%clk 0:17:22]} 36. Be3
{[%clk 0:25:38]} Kc7 {[%clk 0:16:34]} 37. Bh6 {[%clk 0:25:46]} Nf2
{[%clk 0:16:18]} 38. Bf1 {[%clk 0:22:03]} Bd7 {[%clk 0:15:47]} 39. Rg6
{[%clk 0:17:55]} d4 {[%clk 0:10:18]} 40. cxd4 {[%clk 0:15:42]} Bc6
{[%clk 0:10:01]} 41. Rxe6 {[%clk 0:13:04]} Be4+ {[%clk 0:09:02]} 42. Ka1
{[%clk 0:11:59]} Ng4 {[%clk 0:08:43]} 43. Re7+ {[%clk 0:09:29]} Kd8
{[%clk 0:08:56]} 44. Bg5 {[%clk 0:09:55]} Bd5 {[%clk 0:07:31]} 45. Bxb5
{[%clk 0:10:02]} 1-0

[Event "V4Liptov2018"]
[Site "?"]
[Date "2018.06.27"]
[Round "8.8"]
[White "Gresova, Zuzana"]
[Black "Laurincova, Kristyna"]
[Result "1/2-1/2"]
[BlackElo "1953"]
[WhiteElo "1920"]
[LiveChessVersion "1.4.8"]

1. e4 {[%clk 1:00:56]} c5 {[%clk 1:00:54]} 2. Nf3 {[%clk 1:01:19]} Nc6
{[%clk 1:01:20]} 3. d4 {[%clk 1:01:30]} cxd4 {[%clk 1:01:45]} 4. Nxd4
{[%clk 1:01:52]} g6 {[%clk 1:02:11]} 5. c4 {[%clk 1:00:22]} Bg7 {[%clk 1:02:36]}
6. Be3 {[%clk 1:00:38]} d6 {[%clk 1:02:20]} 7. Be2 {[%clk 1:00:16]} Nf6
{[%clk 1:02:22]} 8. Nc3 {[%clk 1:00:17]} O-O {[%clk 1:02:19]} 9. O-O
{[%clk 1:00:24]} Bd7 {[%clk 1:01:47]} 10. h3 {[%clk 1:00:04]} Nxd4
{[%clk 0:59:30]} 11. Bxd4 {[%clk 1:00:09]} Bc6 {[%clk 0:59:25]} 12. Qd3
{[%clk 0:55:48]} a5 {[%clk 0:56:17]} 13. Rad1 {[%clk 0:54:13]} Nd7
{[%clk 0:55:38]} 14. Qb1 {[%clk 0:51:41]} a4 {[%clk 0:43:26]} 15. Bxg7
{[%clk 0:43:49]} Kxg7 {[%clk 0:43:46]} 16. b3 {[%clk 0:41:52]} axb3
{[%clk 0:39:31]} 17. axb3 {[%clk 0:41:54]} Qa5 {[%clk 0:38:02]} 18. b4
{[%clk 0:35:59]} Qa3 {[%clk 0:37:39]} 19. Rd3 {[%clk 0:34:32]} Ne5
{[%clk 0:37:48]} 20. Re3 {[%clk 0:33:55]} b6 {[%clk 0:31:42]} 21. f4
{[%clk 0:18:43]} Nd7 {[%clk 0:28:17]} 22. Kh1 {[%clk 0:11:33]} Qa7
{[%clk 0:27:05]} 23. b5 {[%clk 0:10:42]} Bb7 {[%clk 0:27:02]} 24. e5
{[%clk 0:08:07]} dxe5 {[%clk 0:26:18]} 25. fxe5 {[%clk 0:07:53]} Nc5
{[%clk 0:26:22]} 26. Qe1 {[%clk 0:07:25]} Rad8 {[%clk 0:22:03]} 27. Qh4
{[%clk 0:05:12]} Ne6 {[%clk 0:21:55]} 28. Bf3 {[%clk 0:04:07]} Bxf3
{[%clk 0:22:15]} 29. Rexf3 {[%clk 0:04:26]} Rd4 {[%clk 0:22:16]} 30. Qf2
{[%clk 0:04:42]} f5 {[%clk 0:20:30]} 31. exf6+ {[%clk 0:04:48]} exf6
{[%clk 0:20:44]} 32. Rxf6 {[%clk 0:04:37]} Rf4 {[%clk 0:20:51]} 33. Rxf4
{[%clk 0:04:35]} Rxf4 {[%clk 0:20:29]} 34. Qe2 {[%clk 0:04:38]} Qf7
{[%clk 0:12:41]} 35. Rxf4 {[%clk 0:03:53]} Nxf4 {[%clk 0:08:38]} 36. Qe4
{[%clk 0:04:00]} Qf6 {[%clk 0:02:18]} 37. Qb7+ {[%clk 0:02:37]} Kh6 1/2-1/2

[Event "V4Liptov2018"]
[Site "?"]
[Date "2018.06.27"]
[Round "8.9"]
[White "Postanogov, Dmitrii"]
[Black "Sandor, Martin"]
[Result "1-0"]
[BlackElo "1984"]
[WhiteElo "1743"]
[LiveChessVersion "1.4.8"]

1. e4 {[%clk 1:00:58]} c5 {[%clk 1:00:51]} 2. c3 {[%clk 1:01:22]} Nf6
{[%clk 1:01:15]} 3. e5 {[%clk 1:01:49]} Nd5 {[%clk 1:01:36]} 4. d4
{[%clk 1:02:13]} cxd4 {[%clk 1:02:00]} 5. Nf3 {[%clk 1:02:35]} Nc6
{[%clk 1:02:23]} 6. Bc4 {[%clk 1:03:01]} Nb6 {[%clk 0:59:32]} 7. Bb3
{[%clk 1:03:24]} d5 {[%clk 0:59:32]} 8. exd6 {[%clk 1:03:44]} Qxd6
{[%clk 0:59:44]} 9. O-O {[%clk 1:03:31]} Bf5 {[%clk 0:56:58]} 10. Nxd4
{[%clk 0:52:48]} Nxd4 {[%clk 0:56:17]} 11. cxd4 {[%clk 0:50:43]} Rd8
{[%clk 0:45:56]} 12. Nc3 {[%clk 0:50:48]} a6 {[%clk 0:43:57]} 13. Qf3
{[%clk 0:50:22]} Qd7 {[%clk 0:26:44]} 14. Re1 {[%clk 0:43:07]} g6
{[%clk 0:22:08]} 15. Bg5 {[%clk 0:43:12]} Be6 {[%clk 0:21:20]} 16. d5
{[%clk 0:41:51]} Bg4 {[%clk 0:16:27]} 17. Qe3 {[%clk 0:42:14]} Qd6
{[%clk 0:14:24]} 18. Bf4 {[%clk 0:42:08]} Qb4 {[%clk 0:11:55]} 19. Bc7 1-0